[Event "DVM U12 2018"]
[Site "Magdeburg GER"]
[Date "2018.12.29"]
[Round "5"]
[White "Huo, Da"]
[Black "Reichmann, Felix"]
[Result "1/2-1/2"]
[Termination "normal"]
[Board "1.2"]
[WhiteElo "1661"]
[BlackElo "1640"]
[WhiteClock "00:04:26"]
[BlackClock "00:25:22"]
[WhiteTeam "Hamburger SK"]
[BlackTeam "SF Nordost Berlin"]
[PlyCount "83"]
[WhiteFideId "16221206"]
[BlackFideId "16238290"]
[EventCountry "GER"]
[EventRounds "7"]
[EventType "team-swiss"]
[EventDate "2018.12.26"]

1. e4 {[%clk 1:30:58]} c5 {[%clk 1:30:54]} 2. Nf3 {[%clk 1:31:20]} Nc6 {[%clk
1:31:18]} 3. d4 {[%clk 1:31:46]} cxd4 {[%clk 1:31:44]} 4. Nxd4 {[%clk 1:32:10]}
g6 {[%clk 1:32:12]} 5. c4 {[%clk 1:32:28]} Bg7 {[%clk 1:32:38]} 6. Be3 {[%clk
1:32:53]} Nf6 {[%clk 1:32:54]} 7. Nc3 {[%clk 1:33:10]} Ng4 {[%clk 1:32:25]} 8.
Qxg4 {[%clk 1:33:33]} Nxd4 {[%clk 1:32:51]} 9. Qd1 {[%clk 1:33:57]} Ne6 {[%clk
1:33:16]} 10. Be2 {[%clk 1:34:20]} b6 {[%clk 1:33:26]} 11. O-O {[%clk 1:34:15]}
Bb7 {[%clk 1:33:36]} 12. f3 {[%clk 1:34:11]} O-O {[%clk 1:34:01]} 13. Rc1
{[%clk 1:34:00]} h6 {[%clk 1:31:49]} 14. Rf2 {[%clk 1:34:03]} Rc8 {[%clk
1:31:49]} 15. Bf1 {[%clk 1:31:28]} d6 {[%clk 1:29:24]} 16. Rd2 {[%clk 1:24:20]}
Bc6 {[%clk 1:27:32]} 17. Qc2 {[%clk 1:15:38]} Qc7 {[%clk 1:25:18]} 18. Rcd1
{[%clk 1:12:31]} Qb7 {[%clk 1:22:50]} 19. Qd3 {[%clk 0:54:43]} Nc5 {[%clk
1:19:01]} 20. Qe2 {[%clk 0:51:24]} Rfd8 {[%clk 0:52:43]} 21. Qf2 {[%clk
0:43:39]} a6 {[%clk 0:45:27]} 22. Qh4 {[%clk 0:37:48]} g5 {[%clk 0:44:26]} 23.
Qf2 {[%clk 0:35:27]} Rb8 {[%clk 0:35:24]} 24. h4 {[%clk 0:32:31]} Ne6 {[%clk
0:27:36]} 25. Nd5 {[%clk 0:31:04]} b5 {[%clk 0:24:24]} 26. hxg5 {[%clk
0:28:29]} hxg5 {[%clk 0:21:37]} 27. c5 {[%clk 0:27:10]} dxc5 {[%clk 0:18:23]}
28. Bxc5 {[%clk 0:21:44]} Bxd5 {[%clk 0:17:19]} 29. Rxd5 {[%clk 0:20:32]} Rxd5
{[%clk 0:16:48]} 30. Rxd5 {[%clk 0:19:36]} Nxc5 {[%clk 0:14:13]} 31. Qxc5
{[%clk 0:19:33]} Bf6 {[%clk 0:14:20]} 32. e5 {[%clk 0:11:49]} Bg7 {[%clk
0:10:14]} 33. Qd4 {[%clk 0:10:39]} Qb6 {[%clk 0:08:59]} 34. Qxb6 {[%clk
0:09:32]} Rxb6 {[%clk 0:09:08]} 35. g3 {[%clk 0:08:20]} Re6 {[%clk 0:07:31]}
36. f4 {[%clk 0:08:25]} gxf4 {[%clk 0:07:49]} 37. gxf4 {[%clk 0:08:50]} f6
{[%clk 0:08:07]} 38. Rd8+ {[%clk 0:06:42]} Kf7 {[%clk 0:05:14]} 39. Bh3 {[%clk
0:05:49]} Rc6 {[%clk 0:05:03]} 40. e6+ {[%clk 0:05:48]} Kg6 {[%clk 0:05:29]}
41. f5+ {[%clk 0:04:26]} Kg5 {[%clk 0:25:22]} 42. Rd2 1/2-1/2

[Event "DVM U12 2018"]
[Site "Magdeburg GER"]
[Date "2018.12.29"]
[Round "5"]
[White "Duduka, Artem"]
[Black "Fuhrmann, Bahne"]
[Result "1/2-1/2"]
[Termination "normal"]
[Board "1.3"]
[WhiteElo "1589"]
[BlackElo "1584"]
[WhiteClock "00:35:06"]
[BlackClock "00:37:57"]
[WhiteTeam "SF Nordost Berlin"]
[BlackTeam "Hamburger SK"]
[PlyCount "70"]
[WhiteFideId "14194805"]
[BlackFideId "16244842"]
[EventCountry "GER"]
[EventRounds "7"]
[EventType "team-swiss"]
[EventDate "2018.12.26"]

1. e4 {[%clk 1:30:43]} e5 {[%clk 1:30:56]} 2. Nf3 {[%clk 1:30:59]} Nc6 {[%clk
1:31:21]} 3. d4 {[%clk 1:31:01]} exd4 {[%clk 1:31:43]} 4. Nxd4 {[%clk 1:31:27]}
Bc5 {[%clk 1:31:49]} 5. Be3 {[%clk 1:31:28]} Qf6 {[%clk 1:31:32]} 6. c3 {[%clk
1:31:42]} Nge7 {[%clk 1:31:33]} 7. Nc2 {[%clk 1:31:57]} d6 {[%clk 1:31:40]} 8.
Bxc5 {[%clk 1:32:03]} dxc5 {[%clk 1:31:56]} 9. Bb5 {[%clk 1:30:26]} Be6 {[%clk
1:30:36]} 10. O-O {[%clk 1:29:21]} Rd8 {[%clk 1:29:50]} 11. Qe2 {[%clk
1:28:41]} a6 {[%clk 1:29:22]} 12. Bxc6+ {[%clk 1:28:46]} Nxc6 {[%clk 1:29:39]}
13. Ne3 {[%clk 1:28:19]} O-O {[%clk 1:27:38]} 14. Nd2 {[%clk 1:22:04]} b5
{[%clk 1:26:25]} 15. Nb3 {[%clk 1:20:14]} c4 {[%clk 1:22:52]} 16. Nc5 {[%clk
1:18:47]} Bc8 {[%clk 1:22:24]} 17. Nd5 {[%clk 1:17:43]} Qd6 {[%clk 1:19:09]}
18. Qe3 {[%clk 1:16:55]} Rfe8 {[%clk 1:18:01]} 19. Rad1 {[%clk 1:10:32]} Kh8
{[%clk 1:15:17]} 20. h3 {[%clk 1:06:41]} Ne5 {[%clk 0:55:55]} 21. f4 {[%clk
0:54:36]} Nd3 {[%clk 0:53:40]} 22. Nxd3 {[%clk 0:54:46]} Qxd5 {[%clk 0:53:57]}
23. Ne5 {[%clk 0:54:20]} Qe6 {[%clk 0:53:05]} 24. Qc5 {[%clk 0:52:25]} Rxd1
{[%clk 0:49:49]} 25. Rxd1 {[%clk 0:52:12]} f6 {[%clk 0:47:33]} 26. Nf3 {[%clk
0:52:24]} Qxe4 {[%clk 0:46:28]} 27. Qxc7 {[%clk 0:52:28]} Bxh3 {[%clk 0:45:11]}
28. Re1 {[%clk 0:50:34]} Qg6 {[%clk 0:39:12]} 29. Rxe8+ {[%clk 0:50:57]} Qxe8
{[%clk 0:39:34]} 30. gxh3 {[%clk 0:51:22]} Qg6+ {[%clk 0:39:55]} 31. Kf2 {[%clk
0:49:35]} Qc2+ {[%clk 0:39:57]} 32. Kg3 {[%clk 0:48:32]} Qg6+ {[%clk 0:39:57]}
33. Kf2 {[%clk 0:43:09]} Qc2+ {[%clk 0:40:16]} 34. Ke1 {[%clk 0:39:47]} Qe4+
{[%clk 0:37:44]} 35. Kf2 {[%clk 0:35:06]} Qc2+ {[%clk 0:37:57]} 1/2-1/2

[Event "DVM U12 2018"]
[Site "Magdeburg GER"]
[Date "2018.12.29"]
[Round "5"]
[White "Kort, Felix"]
[Black "Beck, Felix"]
[Result "0-1"]
[Termination "normal"]
[Board "1.4"]
[WhiteElo "1593"]
[BlackElo "1414"]
[WhiteClock "00:02:03"]
[BlackClock "00:07:03"]
[WhiteTeam "Hamburger SK"]
[BlackTeam "SF Nordost Berlin"]
[PlyCount "138"]
[WhiteFideId "16220129"]
[BlackFideId "16255364"]
[EventCountry "GER"]
[EventRounds "7"]
[EventType "team-swiss"]
[EventDate "2018.12.26"]

1. d4 {[%clk 1:30:58]} d5 {[%clk 1:30:54]} 2. c4 {[%clk 1:31:22]} e6 {[%clk
1:31:18]} 3. Nc3 {[%clk 1:31:43]} Nf6 {[%clk 1:31:41]} 4. cxd5 {[%clk 1:32:03]}
exd5 {[%clk 1:32:04]} 5. Bg5 {[%clk 1:32:24]} Be7 {[%clk 1:32:21]} 6. e3 {[%clk
1:32:31]} Nbd7 {[%clk 1:32:34]} 7. Bd3 {[%clk 1:32:07]} c6 {[%clk 1:32:13]} 8.
Qc2 {[%clk 1:30:46]} O-O {[%clk 1:32:06]} 9. Nf3 {[%clk 1:30:21]} Re8 {[%clk
1:24:50]} 10. O-O {[%clk 1:29:37]} Nf8 {[%clk 1:10:18]} 11. h3 {[%clk 1:27:44]}
Ng6 {[%clk 1:09:30]} 12. Rab1 {[%clk 1:25:07]} a6 {[%clk 0:52:16]} 13. b4
{[%clk 1:19:27]} Bd7 {[%clk 0:46:58]} 14. a4 {[%clk 1:15:23]} Rc8 {[%clk
0:43:38]} 15. Rfc1 {[%clk 1:09:07]} Ne4 {[%clk 0:38:41]} 16. Bxe7 {[%clk
1:02:07]} Qxe7 {[%clk 0:38:58]} 17. Qb2 {[%clk 0:51:02]} Qf6 {[%clk 0:35:20]}
18. Qe2 {[%clk 0:44:22]} Nxc3 {[%clk 0:33:09]} 19. Rxc3 {[%clk 0:44:06]} Nf4
{[%clk 0:32:55]} 20. Qd1 {[%clk 0:36:36]} Nxd3 {[%clk 0:32:54]} 21. Rxd3 {[%clk
0:36:28]} Bf5 {[%clk 0:32:57]} 22. Ne5 {[%clk 0:29:54]} Bxd3 {[%clk 0:32:53]}
23. Nxd3 {[%clk 0:30:13]} b6 {[%clk 0:29:48]} 24. b5 {[%clk 0:26:59]} axb5
{[%clk 0:29:51]} 25. axb5 {[%clk 0:27:10]} Re6 {[%clk 0:24:48]} 26. Nf4 {[%clk
0:26:31]} Ree8 {[%clk 0:22:38]} 27. Qb3 {[%clk 0:22:24]} Qd6 {[%clk 0:17:30]}
28. bxc6 {[%clk 0:17:44]} Rxc6 {[%clk 0:17:50]} 29. Qxd5 {[%clk 0:16:36]} Rb8
{[%clk 0:17:24]} 30. Qxd6 {[%clk 0:16:23]} Rxd6 {[%clk 0:17:49]} 31. Rb5 {[%clk
0:16:09]} Ra8 {[%clk 0:17:20]} 32. Nd5 {[%clk 0:15:06]} Ra5 {[%clk 0:16:36]}
33. Nc3 {[%clk 0:02:38]} Rxb5 {[%clk 0:16:37]} 34. Nxb5 {[%clk 0:02:58]} Rd5
{[%clk 0:16:48]} 35. Nc3 {[%clk 0:02:37]} Ra5 {[%clk 0:17:06]} 36. Kf1 {[%clk
0:02:10]} b5 {[%clk 0:17:18]} 37. Ke2 {[%clk 0:01:33]} b4 {[%clk 0:17:19]} 38.
Ne4 {[%clk 0:00:51]} Ra3 {[%clk 0:14:16]} 39. Kd1 {[%clk 0:00:37]} Ra2 {[%clk
0:12:32]} 40. g3 {[%clk 0:00:33]} b3 {[%clk 0:05:23]} 41. Kc1 {[%clk 0:27:43]}
Rc2+ {[%clk 0:31:28]} 42. Kd1 {[%clk 0:23:42]} Kf8 {[%clk 0:18:51]} 43. Nd2
{[%clk 0:22:35]} Ke7 {[%clk 0:11:34]} 44. Nxb3 {[%clk 0:19:57]} Rxf2 {[%clk
0:11:57]} 45. Nd2 {[%clk 0:19:18]} Rg2 {[%clk 0:11:58]} 46. Nf1 {[%clk
0:18:37]} Kd6 {[%clk 0:11:16]} 47. Ke1 {[%clk 0:17:44]} Kd5 {[%clk 0:10:50]}
48. Kd1 {[%clk 0:17:47]} Ke4 {[%clk 0:10:52]} 49. Ke1 {[%clk 0:15:06]} Kd3
{[%clk 0:09:54]} 50. d5 {[%clk 0:15:12]} Re2+ {[%clk 0:09:41]} 51. Kd1 {[%clk
0:15:00]} Rb2 {[%clk 0:10:00]} 52. Ke1 {[%clk 0:15:03]} Rb6 {[%clk 0:09:40]}
53. Kf2 {[%clk 0:15:04]} Rf6+ {[%clk 0:09:40]} 54. Ke1 {[%clk 0:14:04]} Rd6
{[%clk 0:09:36]} 55. Kf2 {[%clk 0:13:12]} Rxd5 {[%clk 0:09:58]} 56. g4 {[%clk
0:12:37]} h5 {[%clk 0:09:06]} 57. Ng3 {[%clk 0:11:58]} hxg4 {[%clk 0:07:27]}
58. hxg4 {[%clk 0:12:22]} Rd6 {[%clk 0:07:24]} 59. e4 {[%clk 0:09:48]} Rf6+
{[%clk 0:07:32]} 60. Kg2 {[%clk 0:09:32]} Rf4 {[%clk 0:07:17]} 61. Kh3 {[%clk
0:08:43]} Ke3 {[%clk 0:07:09]} 62. Nh5 {[%clk 0:04:44]} Rf3+ {[%clk 0:06:56]}
63. Kh4 {[%clk 0:04:18]} g6 {[%clk 0:06:32]} 64. Kg5 {[%clk 0:00:40]} gxh5
{[%clk 0:06:18]} 65. gxh5 {[%clk 0:01:05]} Kxe4 {[%clk 0:06:22]} 66. h6 {[%clk
0:01:29]} Rh3 {[%clk 0:06:10]} 67. Kf6 {[%clk 0:01:21]} Rxh6+ {[%clk 0:06:29]}
68. Kxf7 {[%clk 0:01:44]} Ke5 {[%clk 0:06:41]} 69. Kg7 {[%clk 0:02:03]} Ra6
{[%clk 0:07:03]} 0-1

[Event "DVM U12 2018"]
[Site "Magdeburg GER"]
[Date "2018.12.29"]
[Round "5"]
[White "Nitsche, Nikolai"]
[Black "Phan Trong, Dai"]
[Result "1-0"]
[Termination "normal"]
[Board "2.1"]
[WhiteElo "1695"]
[BlackElo "1659"]
[WhiteClock "00:53:54"]
[BlackClock "00:49:09"]
[WhiteTeam "SV Empor Berlin"]
[BlackTeam "SV Dresden-Leuben"]
[PlyCount "59"]
[WhiteFideId "16221036"]
[BlackFideId "16236939"]
[EventCountry "GER"]
[EventRounds "7"]
[EventType "team-swiss"]
[EventDate "2018.12.26"]

1. e4 {[%clk 1:30:51]} e5 {[%clk 1:30:50]} 2. Nf3 {[%clk 1:31:13]} Nc6 {[%clk
1:31:16]} 3. Bc4 {[%clk 1:31:38]} Bc5 {[%clk 1:31:37]} 4. c3 {[%clk 1:32:04]}
Nf6 {[%clk 1:32:04]} 5. d4 {[%clk 1:32:29]} exd4 {[%clk 1:32:12]} 6. e5 {[%clk
1:32:53]} d5 {[%clk 1:30:55]} 7. Be2 {[%clk 1:32:05]} Ne4 {[%clk 1:27:29]} 8.
cxd4 {[%clk 1:32:26]} Bb4+ {[%clk 1:27:52]} 9. Bd2 {[%clk 1:32:15]} Nxd2 {[%clk
1:27:36]} 10. Nbxd2 {[%clk 1:32:31]} O-O {[%clk 1:27:17]} 11. O-O {[%clk
1:32:45]} Bf5 {[%clk 1:25:21]} 12. a3 {[%clk 1:32:38]} Ba5 {[%clk 1:24:12]} 13.
b4 {[%clk 1:30:30]} Bb6 {[%clk 1:24:28]} 14. Nb3 {[%clk 1:30:53]} a6 {[%clk
1:23:10]} 15. Rc1 {[%clk 1:30:37]} Re8 {[%clk 1:15:39]} 16. Nc5 {[%clk
1:27:23]} Bc8 {[%clk 1:15:49]} 17. Na4 {[%clk 1:16:05]} Ba7 {[%clk 1:10:18]}
18. Bxa6 {[%clk 1:11:20]} Bxd4 {[%clk 1:07:21]} 19. Rxc6 {[%clk 1:09:37]} bxc6
{[%clk 1:03:42]} 20. Bxc8 {[%clk 1:09:54]} Bxf2+ {[%clk 1:03:44]} 21. Rxf2
{[%clk 1:00:06]} Qxc8 {[%clk 1:03:08]} 22. Nc5 {[%clk 1:00:14]} Rxa3 {[%clk
1:02:52]} 23. h3 {[%clk 0:59:40]} Qa8 {[%clk 1:03:09]} 24. Qd4 {[%clk 0:58:59]}
Rb8 {[%clk 0:58:18]} 25. e6 {[%clk 0:57:01]} Rf8 {[%clk 0:54:22]} 26. Nd7
{[%clk 0:56:47]} Ra4 {[%clk 0:48:45]} 27. Nxf8 {[%clk 0:56:39]} Qxf8 {[%clk
0:49:04]} 28. exf7+ {[%clk 0:56:59]} Qxf7 {[%clk 0:49:30]} 29. Ne5 {[%clk
0:53:54]} Qe6 {[%clk 0:49:09]} 30. Qf4 1-0

[Event "DVM U12 2018"]
[Site "Magdeburg GER"]
[Date "2018.12.29"]
[Round "5"]
[White "Wiedersich, Hendryk"]
[Black "Freude, Max"]
[Result "1/2-1/2"]
[Termination "normal"]
[Board "2.2"]
[WhiteElo "1509"]
[BlackElo "1440"]
[WhiteClock "00:30:34"]
[BlackClock "00:21:22"]
[WhiteTeam "SV Dresden-Leuben"]
[BlackTeam "SV Empor Berlin"]
[PlyCount "60"]
[WhiteFideId "16255399"]
[BlackFideId "16236157"]
[EventCountry "GER"]
[EventRounds "7"]
[EventType "team-swiss"]
[EventDate "2018.12.26"]

1. d4 {[%clk 1:30:59]} Nf6 {[%clk 1:30:57]} 2. Nc3 {[%clk 1:31:20]} d5 {[%clk
1:31:24]} 3. Bg5 {[%clk 1:30:44]} Nbd7 {[%clk 1:29:09]} 4. Qd3 {[%clk 1:30:01]}
c6 {[%clk 1:28:33]} 5. e4 {[%clk 1:26:12]} Nxe4 {[%clk 1:28:27]} 6. Nxe4 {[%clk
1:26:20]} dxe4 {[%clk 1:28:54]} 7. Qxe4 {[%clk 1:26:37]} Qb6 {[%clk 1:27:48]}
8. O-O-O {[%clk 1:25:38]} Qa5 {[%clk 1:26:48]} 9. d5 {[%clk 1:24:55]} Qxa2
{[%clk 1:21:20]} 10. Bc4 {[%clk 1:16:24]} Qa1+ {[%clk 1:13:19]} 11. Kd2 {[%clk
1:16:38]} Qa5+ {[%clk 1:06:28]} 12. Ke2 {[%clk 1:15:01]} h6 {[%clk 0:58:30]}
13. dxc6 {[%clk 0:59:30]} bxc6 {[%clk 0:53:12]} 14. Qxc6 {[%clk 0:44:06]} Qe5+
{[%clk 0:47:35]} 15. Be3 {[%clk 0:42:17]} Rb8 {[%clk 0:44:08]} 16. Nf3 {[%clk
0:40:10]} Qxb2 {[%clk 0:33:22]} 17. Bxa7 {[%clk 0:34:02]} Qb7 {[%clk 0:29:53]}
18. Qxb7 {[%clk 0:33:54]} Rxb7 {[%clk 0:29:45]} 19. Ba6 {[%clk 0:30:31]} Rc7
{[%clk 0:27:27]} 20. Bxc8 {[%clk 0:30:34]} Rxc2+ {[%clk 0:24:00]} 21. Rd2
{[%clk 0:30:16]} Rxc8 {[%clk 0:23:52]} 22. Rhd1 {[%clk 0:30:38]} Rc7 {[%clk
0:22:16]} 23. Bb6 {[%clk 0:30:57]} Rb7 {[%clk 0:22:36]} 24. Ne5 {[%clk
0:29:19]} Rxb6 {[%clk 0:21:42]} 25. Nxd7 {[%clk 0:29:43]} Rd6 {[%clk 0:20:47]}
26. Rxd6 {[%clk 0:30:06]} exd6 {[%clk 0:21:13]} 27. Nxf8 {[%clk 0:30:29]} Rxf8
{[%clk 0:21:35]} 28. Rxd6 {[%clk 0:30:54]} Ke7 {[%clk 0:21:53]} 29. Ra6 {[%clk
0:30:43]} Rb8 {[%clk 0:21:22]} 30. f4 {[%clk 0:30:34]} f5 1/2-1/2

[Event "DVM U12 2018"]
[Site "Magdeburg GER"]
[Date "2018.12.29"]
[Round "5"]
[White "Monninkhoff, Yari"]
[Black "Hentschel, Lena"]
[Result "1/2-1/2"]
[Termination "normal"]
[Board "2.3"]
[WhiteElo "1207"]
[BlackElo "1539"]
[WhiteClock "00:13:39"]
[BlackClock "00:11:13"]
[WhiteTeam "SV Empor Berlin"]
[BlackTeam "SV Dresden-Leuben"]
[PlyCount "114"]
[WhiteFideId "16236149"]
[BlackFideId "16240324"]
[EventCountry "GER"]
[EventRounds "7"]
[EventType "team-swiss"]
[EventDate "2018.12.26"]

1. e4 {[%clk 1:30:57]} g6 {[%clk 1:30:39]} 2. d4 {[%clk 1:31:15]} Bg7 {[%clk
1:30:44]} 3. Nf3 {[%clk 1:31:34]} d6 {[%clk 1:30:42]} 4. Bc4 {[%clk 1:31:39]}
Nf6 {[%clk 1:30:30]} 5. Qe2 {[%clk 1:31:18]} O-O {[%clk 1:29:21]} 6. O-O {[%clk
1:31:29]} e6 {[%clk 1:25:39]} 7. Bb3 {[%clk 1:30:47]} Nfd7 {[%clk 1:19:05]} 8.
Bg5 {[%clk 1:29:36]} Qe8 {[%clk 1:15:20]} 9. Nc3 {[%clk 1:23:47]} a6 {[%clk
1:12:35]} 10. Rad1 {[%clk 1:19:25]} Kh8 {[%clk 1:07:58]} 11. Qd2 {[%clk
1:14:24]} Nb6 {[%clk 1:04:25]} 12. Bh6 {[%clk 1:13:55]} Bd7 {[%clk 0:57:37]}
13. Rfe1 {[%clk 1:06:33]} Na4 {[%clk 0:51:34]} 14. Bxg7+ {[%clk 1:02:44]} Kxg7
{[%clk 0:51:54]} 15. Nxa4 {[%clk 1:02:12]} Bxa4 {[%clk 0:51:21]} 16. Qc3 {[%clk
0:59:51]} Bxb3 {[%clk 0:48:49]} 17. cxb3 {[%clk 0:59:53]} Qe7 {[%clk 0:43:08]}
18. Qb4 {[%clk 0:57:15]} b6 {[%clk 0:39:07]} 19. e5 {[%clk 0:54:58]} Nc6 {[%clk
0:37:44]} 20. Qc3 {[%clk 0:54:30]} Na5 {[%clk 0:33:51]} 21. Rc1 {[%clk
0:45:09]} Rfc8 {[%clk 0:33:02]} 22. d5 {[%clk 0:36:31]} Kg8 {[%clk 0:31:37]}
23. b4 {[%clk 0:31:20]} Nb7 {[%clk 0:30:31]} 24. Nd4 {[%clk 0:26:53]} Nd8
{[%clk 0:27:07]} 25. Nc6 {[%clk 0:24:45]} Nxc6 {[%clk 0:20:27]} 26. dxc6 {[%clk
0:22:40]} Rd8 {[%clk 0:18:37]} 27. g3 {[%clk 0:19:50]} dxe5 {[%clk 0:17:05]}
28. Rxe5 {[%clk 0:18:38]} Rd6 {[%clk 0:16:00]} 29. a3 {[%clk 0:17:07]} Qd8
{[%clk 0:13:59]} 30. Rce1 {[%clk 0:16:56]} Rd3 {[%clk 0:12:57]} 31. Qc1 {[%clk
0:15:22]} Qd6 {[%clk 0:11:36]} 32. R5e3 {[%clk 0:14:32]} Rd8 {[%clk 0:10:31]}
33. Rxd3 {[%clk 0:14:15]} Qxd3 {[%clk 0:10:54]} 34. Qe3 {[%clk 0:13:49]} Qxe3
{[%clk 0:10:35]} 35. Rxe3 {[%clk 0:13:52]} Rd2 {[%clk 0:10:17]} 36. b3 {[%clk
0:12:59]} Rc2 {[%clk 0:09:49]} 37. Kg2 {[%clk 0:11:05]} Rxc6 {[%clk 0:10:06]}
38. Kf3 {[%clk 0:10:57]} Rd6 {[%clk 0:08:18]} 39. Rc3 {[%clk 0:10:54]} Rd7
{[%clk 0:07:27]} 40. Ke3 {[%clk 0:11:00]} f6 {[%clk 0:06:50]} 41. f3 {[%clk
0:10:36]} Kf7 {[%clk 0:06:41]} 42. h3 {[%clk 0:10:39]} e5 {[%clk 0:06:13]} 43.
Rc6 {[%clk 0:10:41]} f5 {[%clk 0:05:00]} 44. a4 {[%clk 0:10:20]} f4+ {[%clk
0:24:41]} 45. gxf4 {[%clk 0:39:40]} exf4+ {[%clk 0:25:04]} 46. Kxf4 {[%clk
0:39:37]} Rd4+ {[%clk 0:25:15]} 47. Kg3 {[%clk 0:34:40]} Rxb4 {[%clk 0:24:54]}
48. Rxc7+ {[%clk 0:34:54]} Kg8 {[%clk 0:24:48]} 49. Rc3 {[%clk 0:34:50]} Kg7
{[%clk 0:20:50]} 50. Re3 {[%clk 0:32:47]} Kf6 {[%clk 0:20:17]} 51. f4 {[%clk
0:31:00]} h5 {[%clk 0:17:30]} 52. h4 {[%clk 0:29:26]} Rd4 {[%clk 0:16:01]} 53.
Kf3 {[%clk 0:22:34]} a5 {[%clk 0:14:13]} 54. Kg3 {[%clk 0:15:27]} Rd5 {[%clk
0:11:13]} 55. Kf3 {[%clk 0:13:39]} Rd1 56. Kg2 Kf5 57. Rf3 Ke5 1/2-1/2

[Event "DVM U12 2018"]
[Site "Magdeburg GER"]
[Date "2018.12.29"]
[Round "5"]
[White "Bregulla, Paul"]
[Black "Doraszelski, Alexander"]
[Result "1-0"]
[Termination "normal"]
[Board "2.4"]
[WhiteElo "1539"]
[BlackElo "1523"]
[WhiteClock "00:08:46"]
[BlackClock "00:45:13"]
[WhiteTeam "SV Dresden-Leuben"]
[BlackTeam "SV Empor Berlin"]
[PlyCount "105"]
[WhiteFideId "16259564"]
[BlackFideId "12996149"]
[EventCountry "GER"]
[EventRounds "7"]
[EventType "team-swiss"]
[EventDate "2018.12.26"]

1. d4 {[%clk 1:30:59]} d5 {[%clk 1:30:31]} 2. Bf4 {[%clk 1:31:24]} Nf6 {[%clk
1:30:51]} 3. Nf3 {[%clk 1:31:50]} c5 {[%clk 1:31:12]} 4. c3 {[%clk 1:31:42]} e6
{[%clk 1:31:23]} 5. e3 {[%clk 1:32:01]} Nc6 {[%clk 1:31:16]} 6. Bd3 {[%clk
1:31:09]} Bd6 {[%clk 1:30:19]} 7. Bg3 {[%clk 1:30:22]} O-O {[%clk 1:29:51]} 8.
Nbd2 {[%clk 1:30:20]} Re8 {[%clk 1:24:58]} 9. O-O {[%clk 1:30:15]} Qc7 {[%clk
1:22:50]} 10. dxc5 {[%clk 1:29:58]} Bxg3 {[%clk 1:23:10]} 11. hxg3 {[%clk
1:30:18]} e5 {[%clk 1:23:27]} 12. e4 {[%clk 1:27:50]} Bg4 {[%clk 1:22:36]} 13.
Qc2 {[%clk 1:26:52]} dxe4 {[%clk 1:21:10]} 14. Bxe4 {[%clk 1:20:20]} Nxe4
{[%clk 1:20:52]} 15. Qxe4 {[%clk 1:19:32]} f5 {[%clk 1:20:22]} 16. Qd5+ {[%clk
1:18:23]} Kh8 {[%clk 1:19:36]} 17. Qb3 {[%clk 1:15:12]} Rad8 {[%clk 1:19:16]}
18. Nc4 {[%clk 1:09:18]} e4 {[%clk 1:14:58]} 19. Nfd2 {[%clk 1:03:44]} Rd7
{[%clk 1:06:42]} 20. Qc2 {[%clk 0:50:35]} Ne5 {[%clk 1:04:38]} 21. Nxe5 {[%clk
0:46:53]} Rxe5 {[%clk 1:04:27]} 22. Nb3 {[%clk 0:43:50]} a5 {[%clk 1:03:06]}
23. a4 {[%clk 0:42:41]} Red5 {[%clk 1:01:28]} 24. Rfe1 {[%clk 0:37:21]} Rd8
{[%clk 0:59:20]} 25. Nd4 {[%clk 0:32:28]} Qc8 {[%clk 0:59:18]} 26. Nb3 {[%clk
0:31:31]} Qc7 {[%clk 0:58:02]} 27. Nd4 {[%clk 0:21:29]} Qc8 {[%clk 0:56:46]}
28. Qb3 {[%clk 0:21:19]} Bh5 {[%clk 0:47:18]} 29. Qb6 {[%clk 0:16:52]} Rxc5
{[%clk 0:45:53]} 30. Ne6 {[%clk 0:15:57]} Rc6 {[%clk 0:45:17]} 31. Qxd8+ {[%clk
0:16:02]} Qxd8 {[%clk 0:45:16]} 32. Nxd8 {[%clk 0:16:25]} Rb6 {[%clk 0:45:22]}
33. Rab1 {[%clk 0:14:49]} Kg8 {[%clk 0:45:44]} 34. f3 {[%clk 0:14:55]} Kf8
{[%clk 0:46:00]} 35. fxe4 {[%clk 0:14:05]} Ke7 {[%clk 0:46:15]} 36. Nxb7 {[%clk
0:14:19]} Rxb7 {[%clk 0:46:44]} 37. exf5+ {[%clk 0:14:38]} Kf6 {[%clk 0:47:02]}
38. Rf1 {[%clk 0:14:34]} Rd7 {[%clk 0:46:52]} 39. Kh2 {[%clk 0:14:02]} Rd2
{[%clk 0:46:49]} 40. Kh3 {[%clk 0:13:39]} h6 {[%clk 0:46:29]} 41. Rbe1 {[%clk
0:12:54]} Bf7 {[%clk 0:46:09]} 42. b4 {[%clk 0:12:18]} axb4 {[%clk 0:46:16]}
43. cxb4 {[%clk 0:12:41]} Bc4 {[%clk 0:46:24]} 44. Rf4 {[%clk 0:12:12]} Bd5
{[%clk 0:46:33]} 45. Rg1 {[%clk 0:11:25]} g5 {[%clk 0:46:19]} 46. Rff1 {[%clk
0:10:06]} g4+ {[%clk 0:45:30]} 47. Kxg4 {[%clk 0:09:35]} h5+ {[%clk 0:45:50]}
48. Kxh5 {[%clk 0:09:11]} Rd4 {[%clk 0:46:08]} 49. Rd1 {[%clk 0:09:23]} Bf7+
{[%clk 0:45:49]} 50. Kh6 {[%clk 0:09:27]} Rxb4 {[%clk 0:45:13]} 51. Rge1 {[%clk
0:08:23]} Rh4+ {[%clk 0:44:56]} 52. gxh4 {[%clk 0:08:41]} Bh5 {[%clk 0:45:13]}
53. Kxh5 {[%clk 0:08:46]} 1-0

[Event "DVM U12 2018"]
[Site "Magdeburg GER"]
[Date "2018.12.29"]
[Round "5"]
[White "Klühs, Gustaf"]
[Black "Laux, Dominik"]
[Result "0-1"]
[Termination "normal"]
[Board "3.1"]
[WhiteElo "1682"]
[BlackElo "2058"]
[WhiteClock "01:19:39"]
[BlackClock "00:50:31"]
[WhiteTeam "SC Borussia Lichtenberg"]
[BlackTeam "VSG 1880 Offenbach"]
[PlyCount "50"]
[WhiteFideId "16228936"]
[BlackFideId "12994219"]
[EventCountry "GER"]
[EventRounds "7"]
[EventType "team-swiss"]
[EventDate "2018.12.26"]

1. d4 {[%clk 1:30:52]} d5 {[%clk 1:30:29]} 2. c4 {[%clk 1:31:19]} c6 {[%clk
1:30:22]} 3. cxd5 {[%clk 1:31:45]} cxd5 {[%clk 1:30:46]} 4. Bf4 {[%clk
1:32:05]} Nf6 {[%clk 1:30:25]} 5. Nc3 {[%clk 1:32:14]} Nc6 {[%clk 1:30:09]} 6.
e3 {[%clk 1:32:40]} a6 {[%clk 1:30:12]} 7. a3 {[%clk 1:33:04]} Bf5 {[%clk
1:28:44]} 8. Nf3 {[%clk 1:31:55]} e6 {[%clk 1:27:58]} 9. Be2 {[%clk 1:31:31]}
Be7 {[%clk 1:26:52]} 10. O-O {[%clk 1:31:52]} O-O {[%clk 1:25:16]} 11. Rc1
{[%clk 1:31:07]} Rc8 {[%clk 1:23:32]} 12. Na4 {[%clk 1:30:17]} Ne4 {[%clk
1:21:19]} 13. Ne5 {[%clk 1:28:41]} Nxe5 {[%clk 1:16:35]} 14. Bxe5 {[%clk
1:28:57]} Rxc1 {[%clk 1:10:12]} 15. Qxc1 {[%clk 1:29:19]} Qa5 {[%clk 1:09:57]}
16. Qc7 {[%clk 1:26:52]} Qxc7 {[%clk 1:00:14]} 17. Bxc7 {[%clk 1:27:13]} Rc8
{[%clk 1:00:28]} 18. Ba5 {[%clk 1:27:37]} b5 {[%clk 0:55:46]} 19. Nc3 {[%clk
1:27:50]} Nxc3 {[%clk 0:55:41]} 20. Bxc3 {[%clk 1:28:09]} Bxa3 {[%clk 0:54:12]}
21. Ra1 {[%clk 1:24:47]} b4 {[%clk 0:51:43]} 22. Bxa6 {[%clk 1:24:19]} bxc3
{[%clk 0:51:26]} 23. bxa3 {[%clk 1:20:02]} Rb8 {[%clk 0:49:57]} 24. g4 {[%clk
1:19:23]} Rb1+ {[%clk 0:50:03]} 25. Rxb1 {[%clk 1:19:39]} Bxb1 {[%clk 0:50:31]}
0-1